[Event "2018 Spring Chess Classic A"]
[Site "Saint Louis"]
[Date "2018.03.11"]
[Round "6"]
[White "Edouard, Romain"]
[Black "Onischuk, Alexander"]
[Result "1-0"]
[WhiteElo "2612"]
[BlackElo "2681"]
[Annotator "TA"]
[PlyCount "93"]
[EventDate "2018.??.??"]
[EventType "tourn"]
[EventCountry "USA"]
[SourceTitle "playchess.com"]
[Source "ChessBase"]
[SourceQuality "1"]

{[%evp 28,93,29,31,56,32,83,76,110,109,122,123,123,120,104,118,118,104,178,178,178,178,178,178,178,178,178,179,235,229,290,290,288,281,281,279,357,364,334,332,317,317,366,351,373,373,373,373,373,373,592,679,675,692,634,670,649,617,602,614,948,920,1084,1014,1282,1241,1269,1224]} 1. c4 e6 2. g3 Nf6 3. Bg2 d5 4. Nf3 Be7 5. O-O O-O 6. d4 dxc4 7. Qc2 a6 8. a4 Bd7 9. Qxc4 Bc6 10. Bg5 Bd5 11. Qd3 Be4 12. Qe3 Bc6 {E05: Open Catalan: 5 Nf3 Be7} (12... Nbd7 13. Nc3 Bg6 14. Ne5 c6 15. Nxg6 hxg6 16. Qc1 Rc8 17. Rd1 Nd5 18. Bd2 a5 19. e4 Nb4 20. Be3 {1-0 (47) Xiu,D (2557)-Fedoseev,V (2674) China 2015}) 13. Nc3 Nbd7 14. Qd3 h6 15. Bxf6 {LiveBook: 3 Games} Bxf6 16. Rfd1 Qe7 (16... Bxf3 $14 17. Bxf3 (17. Qxf3 c6 $11) 17... c6) 17. e4 $16 {aiming for e5.} Qb4 $146 ({Find the theoretical novelty and annotate with similar games:} 17... Rfd8 18. Qc2 Nb6 19. e5 Bxf3 20. Bxf3 {1-0 (32) De Prado Rodriguez,O (2230)-Suarez Pousa,D (2330) La Coruna 1996}) 18. Qc2 $1 {Hoping for d5.} Nb6 19. a5 Nd7 20. d5 exd5 21. Nxd5 Bxd5 ({Wrong is} 21... Qxb2 $2 22. Ne7+ $1 {[%mdl 512]} Kh8 23. Qxb2 $18) 22. Rxd5 Rfd8 (22... Rad8 $16 {might work better.}) 23. e5 $18 (23. Qxc7 Rac8 $11) 23... Nxe5 24. Rxe5 Bxe5 25. Nxe5 c6 26. Qf5 Qe7 {[#]} 27. Re1 $1 $36 {[%mdl 2048] White is in control.} Re8 (27... Qf6 $142 28. Qxf6 gxf6) 28. Re3 Qf6 29. Qxf6 gxf6 30. Nd7 Rxe3 31. fxe3 ({Not} 31. Nxf6+ Kg7 $11) 31... Rd8 32. Bh3 (32. Nxf6+ Kf8 $14) 32... Kg7 33. Kf2 h5 34. Bf5 Rh8 35. Ke2 h4 36. g4 h3 37. Kf3 Rd8 38. b4 Kh6 (38... Re8 $142 39. Nc5 Kg8) 39. Kg3 {White is clearly winning.} Re8 40. e4 Kg5 41. Kxh3 Kf4 42. Kg2 Rh8 43. h3 {[%cal Bh2h3,Bh3h4,Bh4h5][%mdl 32]} Ke3 44. Kg3 Kd4 45. h4 Kc3 46. h5 Kxb4 47. Nxf6 {Precision: White = 99%, Black = 45%.} 1-0

[Event "2018 Spring Chess Classic A"]
[Site "Saint Louis"]
[Date "2018.03.12"]
[Round "7"]
[White "Onischuk, Alexander"]
[Black "Swiercz, Dariusz"]
[Result "1/2-1/2"]
[WhiteElo "2681"]
[BlackElo "2654"]
[Annotator "TA"]
[PlyCount "62"]
[EventDate "2018.??.??"]
[EventType "tourn"]
[EventCountry "USA"]
[SourceTitle "playchess.com"]
[Source "ChessBase"]
[SourceQuality "1"]

{[%evp 14,62,22,18,14,4,-3,-16,10,12,18,0,0,0,0,-1,11,12,25,22,27,25,23,28,30,0,0,0,0,0,0,-5,-5,-8,0,0,0,0,0,-12,-6,-12,-12,-12,-12,-12,-12,-12,-12,-34,57]} 1. d4 Nf6 2. c4 g6 3. Nc3 d5 4. cxd5 Nxd5 5. Bd2 Nb6 6. Nf3 Bg7 7. Bf4 O-O 8. e3 {LiveBook: 63 Games} Be6 {D90: Grünfeld: 4 Nf3 Bg7 sidelines} (8... Bg4 9. h3 Bxf3 10. Qxf3 c6 11. Be2 N8d7 12. Bg5 Qe8 13. O-O e5 14. Rfe1 h6 15. Bh4 f5 16. Bd1 {½-½ (45) Eljanov,P (2719)-Swiercz,D (2614) Germany 2015}) 9. Be2 c5 10. dxc5 {[#] Black must now prevent Qxd8.} N6d7 $146 {The position is equal.} ({Predecessor:} 10... Bxc3+ 11. bxc3 Qxd1+ 12. Bxd1 N6d7 13. Nd4 Bd5 14. O-O Rc8 15. Bg4 f5 16. Bf3 Bxf3 17. Nxf3 Rxc5 {1-0 (32) Manea,A (2399)-Julien,J (2081) Sautron 2017}) 11. Nd4 Nxc5 12. Nxe6 Nxe6 13. Bg3 Nc6 14. O-O Nc5 15. Rc1 {[%cal Ba1c1,Bc1c3,Bc3d3,Bd3d7][%mdl 32]} Bxc3 16. Rxc3 Ne4 17. Rd3 Nxg3 18. hxg3 Qc7 19. Rd7 Qb6 20. Qb3 Qxb3 21. axb3 Rab8 22. Bf3 e6 23. Rc1 Rfd8 24. Bxc6 bxc6 25. Rxd8+ Rxd8 26. Rxc6 $11 {[%mdl 4096] Endgame KR-KR} Rd1+ 27. Kh2 Rd2 28. Kg1 Rxb2 29. Ra6 Rxb3 30. Rxa7 h5 31. Ra4 Rb1+ {Precision: White = 38%, Black = 70%.} 1/2-1/2

[Event "2018 Spring Chess Classic A"]
[Site "Saint Louis"]
[Date "2018.03.12"]
[Round "7"]
[White "Ipatov, Alexander"]
[Black "Akobian, Varuzhan"]
[Result "0-1"]
[WhiteElo "2665"]
[BlackElo "2640"]
[Annotator "TA"]
[PlyCount "136"]
[EventDate "2018.??.??"]
[EventType "tourn"]
[EventCountry "USA"]
[SourceTitle "playchess.com"]
[Source "ChessBase"]
[SourceQuality "1"]

{[%evp 11,136,13,12,3,39,35,39,26,87,63,52,72,64,55,69,76,81,74,82,20,22,18,25,18,23,12,8,0,0,0,0,0,41,0,0,0,13,0,0,0,24,22,35,-179,-164,-150,-16,-13,0,0,0,0,0,0,0,0,0,-13,-10,-594,-577,-444,-561,-558,-533,-480,-387,-376,-383,-381,-388,-387,-383,-400,-400,-399,-398,-395,-388,-377,-350,-988,-677,-1028,-744,-1019,-1029,-886,-920,-1067,-984,-1014,-1007,-936,-825,-5473,-5273,-29954,-29955,-11062,-1802,-29955,-29953,-29959,-29958,-29960,-29961,-29961,-29963,-29964,-29963,-29962,-29963,-29958,-29963,-29956,-29955,-7044,-7181,-29964,-12527,-29981,-29982,-29982,-29983,-29983,-29984]} 1. d4 Nf6 2. c4 e6 3. Nf3 d5 4. Bg5 Be7 5. Qc2 h6 6. Bxf6 {D30: Queen's Gambit Declined: Systems without Nc3} Bxf6 {LiveBook: 4 Games} 7. e3 c5 8. cxd5 {White is slightly better.} cxd4 9. Bb5+ Ke7 $146 (9... Nd7 $11 10. Nxd4 exd5) ({Predecessor:} 9... Bd7 10. dxe6 Qa5+ 11. Nbd2 Qxb5 12. exd7+ Nxd7 {1-0 (40) Nakamura,H (2775)-Adams,M (2745) London 2014}) 10. exd4 exd5 11. O-O Be6 12. Re1 Qd6 13. Nc3 Nc6 14. Bxc6 Qxc6 15. Ne5 (15. Rac1 $16) 15... Bxe5 $1 $11 16. Rxe5 {aiming for Nxd5+.} f6 $1 {[%cal Rf6e5]} 17. Re3 Rhe8 $1 18. Qh7 Kf8 $1 19. Rg3 {[%csl Gg3][%cal Rh7g7]} Re7 20. h3 Bg8 21. Qh8 Qe6 22. Rc1 Rc8 23. Kh2 Rcc7 24. Rf3 Qd6+ 25. g3 {Hoping for Nb5.} a6 26. Rf5 Qe6 27. Rxd5 $2 (27. g4 $1 $14 {keeps the upper hand.}) 27... Re8 $19 28. Rh5 b5 ({Better is} 28... f5 $1 $17 {...Qg6 is the strong threat.} 29. Rf1 Qg6) 29. d5 $1 $11 {[%cal Rd5e6]} Qb6 30. Rf5 b4 31. d6 $1 Qxd6 32. Nd5 $1 Rxc1 {[#]} 33. Nxf6 $1 {[%mdl 512]} Ke7 (33... gxf6 34. Rxf6+) 34. Qxg7+ Kd8 35. Nxe8 $4 {[%mdl 8192] [#]} (35. Nxg8 $11 Qc6 36. g4) 35... Bd5 $1 $19 {[%mdl 512]} 36. Rxd5 Qxd5 {[%csl Gc1][%cal Rd5h1]} 37. Qf6+ Kxe8 {[%csl Gc1][%cal Rd5h1][%mdl 4096] Endgame} 38. Qh8+ Kd7 {[%csl Gc1][%cal Rd5h1]} 39. Qg7+ {[#]} Kc8 $1 {[%csl Gc1][%cal Rd5h1]} 40. Qf8+ Kb7 {[%csl Gc1][%cal Rd5h1]} 41. Qxb4+ Qb5 42. Qd2 Qc6 {[%csl Gc1][%cal Rc6h1]} 43. Qb4+ Qb6 44. Qe7+ Rc7 45. Qe2 Rf7 46. f4 $2 (46. Kg1) 46... Rc7 47. g4 Qb5 48. Qe4+ Qc6 49. Qb4+ Qb6 50. Qe4+ Kb8 51. Qe8+ Ka7 {( -> ...Qf2+)} 52. Qe2 Qc5 53. Kg3 Re7 54. Qd2 Qe3+ 55. Qxe3+ Rxe3+ {KR-KP} 56. Kh4 Kb7 57. g5 hxg5+ 58. fxg5 Kc7 59. g6 Re2 60. Kg5 Kd7 61. g7 Ke7 62. g8=N+ {KR-KN} Ke6 63. Nf6 Rg2+ 64. Ng4 Rxb2 65. h4 Rxa2 66. h5 Rg2 {Black mates.} 67. h6 Kf7 68. Kf5 Rxg4 {Precision: White = 45%, Black = 70%.} 0-1

[Event "2018 Spring Chess Classic A"]
[Site "Saint Louis"]
[Date "2018.03.12"]
[Round "7"]
[White "Ganguly, Surya Shekhar"]
[Black "Bruzon Batista, Lazaro"]
[Result "0-1"]
[WhiteElo "2657"]
[BlackElo "2673"]
[Annotator "TA"]
[PlyCount "64"]
[EventDate "2018.??.??"]
[EventType "tourn"]
[EventCountry "USA"]
[SourceTitle "playchess.com"]
[Source "ChessBase"]
[SourceQuality "1"]

{[%evp 16,64,33,26,25,31,36,18,29,27,31,10,18,9,9,-22,-6,-14,-3,-67,-64,-64,-53,-66,-70,-107,-90,-98,-95,-116,-118,-548,-547,-545,-547,-540,-524,-910,-866,-793,-612,-612,-612,-599,-588,-588,-596,-592,-573,-563,-540]} 1. e4 e5 2. Nf3 Nc6 3. Bc4 Nf6 4. d3 Be7 5. O-O O-O 6. Re1 d6 7. a4 Be6 8. Nbd2 Bxc4 {C55: Two Knights: 4 d3, 4 d4 exd4 5 e5 and Max Lange Attack} (8... Qd7 9. c3 h6 10. b4 Nh7 11. b5 Na5 12. Bxe6 fxe6 13. Nc4 Nxc4 14. dxc4 Nf6 15. Ba3 Rad8 16. Qe2 b6 17. a5 {½-½ (52) Stevic,H (2608)-Postny,E (2619) Baku 2016}) 9. Nxc4 {LiveBook: 3 Games} Re8 10. Bd2 $146 ({Find the theoretical novelty and annotate with similar games:} 10. c3 Qd7 11. Qb3 Rab8 12. Bg5 h6 13. Bxf6 Bxf6 14. Ne3 g6 15. Rad1 Bg7 16. h4 {1-0 (30) Cori Tello,J (2486)-Sbarra,M (2319) Collado Villalba 2010}) 10... a5 {White is slightly better.} 11. h3 b6 12. c3 h6 13. Qb3 Bf8 14. Rad1 d5 15. Ne3 {[%cal Re4d5]} dxe4 16. dxe4 Nxe4 17. Bc1 ({Better is} 17. Qc4 $1 $11 Nc5 18. b4) 17... Nd6 $1 $15 18. Qd5 Qd7 19. Nc4 Rad8 20. Nfxe5 Nxe5 21. Nxe5 Qxa4 22. c4 Qc2 23. g4 $2 {[%mdl 8192] [#]} (23. Kf1 $17 {is a better chance.}) 23... Rxe5 $1 $19 {[%mdl 512] Black is clearly winning.} 24. Qxe5 Ne4 $1 25. Bd2 Nxd2 (25... Rxd2 $2 26. Rc1 $17) 26. Qf4 g5 27. Qf5 Qxf5 28. gxf5 Rd3 29. Kh1 Bd6 30. Kg2 Kg7 31. Re8 Rd4 32. Rc8 Nf3 {Precision: White = 25%, Black = 88%.} 0-1

[Event "2018 Spring Chess Classic A"]
[Site "Saint Louis"]
[Date "2018.03.12"]
[Round "7"]
[White "Xiong, Jeffery"]
[Black "Shankland, Samuel"]
[Result "1/2-1/2"]
[WhiteElo "2640"]
[BlackElo "2668"]
[Annotator "TA"]
[PlyCount "83"]
[EventDate "2018.??.??"]
[EventType "tourn"]
[EventCountry "USA"]
[SourceTitle "playchess.com"]
[Source "ChessBase"]
[SourceQuality "1"]

{[%evp 19,83,15,14,11,10,6,10,6,40,43,45,38,46,41,55,33,76,28,21,30,28,32,24,22,45,31,29,17,8,8,45,0,0,0,0,0,0,0,0,0,0,0,191,181,310,301,309,297,272,264,232,0,0,0,0,0,0,0,0,0,0,0,0,0,0,0]} 1. d4 Nf6 2. Nf3 g6 3. Nbd2 Bg7 4. e4 d6 5. Bd3 O-O 6. O-O Nc6 7. c3 e5 8. dxe5 Nxe5 9. Nxe5 dxe5 10. Nc4 Qe7 {LiveBook: 21 Games} 11. Qe2 {B07: Pirc Defence: Miscellaneous Systems} (11. a4 Nh5 12. Re1 Nf4 13. Bxf4 exf4 14. e5 Be6 15. Bf1 Qg5 16. Nd2 Rfd8 17. Nf3 Rxd1 18. Nxg5 Rxe1 19. Rxe1 {0-1 (89) Fontaine,R (2546)-Nakamura,H (2701) Le Port Marly 2009}) 11... Rd8 12. Bg5 h6 13. Bh4 b6 $146 ({Predecessor:} 13... Be6 14. b4 g5 15. Bg3 Nh5 16. Qxh5 Rxd3 17. Nxe5 Rxg3 18. fxg3 Bxe5 19. Qxh6 Bg4 20. Rf5 Bxf5 21. exf5 Bxc3 {0-1 (30) Buriani,A (2081)-Sfera,M (2000) Vignola 2012}) 14. Rfd1 Bb7 15. Ne3 a5 16. a4 h5 17. Bc4 Bh6 18. f3 Rxd1+ 19. Rxd1 Rd8 {Hoping for ...Bxe3+.} 20. Nd5 Bxd5 $1 21. Bxd5 g5 22. Bf2 Nxd5 23. Rxd5 Rxd5 24. exd5 f5 25. g4 hxg4 26. fxg4 f4 27. Qe4 Bg7 28. Kg2 Qd7 29. h3 Kf7 30. Kf3 Kf6 $2 {[#]} (30... b5 $11 {and Black stays safe.}) 31. b3 $1 $18 Ke7 (31... Kf7 {might work better.}) 32. c4 Qd6 33. Qh7 Kf7 34. Qf5+ Kg8 {[#]} 35. Ke4 $2 ({Weaker is} 35. Qxg5 c6 $11) (35. Qe6+ $1 $18 Qxe6 36. dxe6) 35... Qb4 $11 {The position is equal.} 36. Qe6+ Kh7 37. Kf5 Qxb3 38. Qg6+ Kg8 39. Qe8+ Kh7 40. Qh5+ Kg8 41. Qe8+ Kh7 42. Qg6+ {Precision: White = 73%, Black = 64%.} 1/2-1/2

[Event "2018 Spring Chess Classic A"]
[Site "Saint Louis"]
[Date "2018.03.12"]
[Round "7"]
[White "Zherebukh, Yaroslav"]
[Black "Edouard, Romain"]
[Result "1/2-1/2"]
[WhiteElo "2633"]
[BlackElo "2612"]
[Annotator "TA"]
[PlyCount "61"]
[EventDate "2018.??.??"]
[EventType "tourn"]
[EventCountry "USA"]
[SourceTitle "playchess.com"]
[Source "ChessBase"]
[SourceQuality "1"]

{[%evp 25,61,29,51,42,53,35,25,30,30,30,18,17,27,0,0,0,0,0,0,0,3,0,0,0,0,0,3,-14,-4,-24,0,0,0,0,0,0,0,0]} 1. e4 c5 2. Nf3 Nc6 3. d4 cxd4 4. Nxd4 g6 5. c4 Bg7 6. Be3 Nf6 7. Nc3 d6 8. Be2 O-O 9. O-O Bd7 10. Nb3 a5 11. Nd2 {B38: Sicilian: Maroczy Bind with 5...Bg7 and 7...0-0} (11. c5 a4 12. Nd2 a3 13. cxd6 axb2 14. Rb1 exd6 15. Nc4 Be6 16. Bb6 Qe7 17. Qxd6 Bxc4 18. Qxe7 Nxe7 19. Bxc4 {1-0 (43) Ragger,M (2698)-Guseinov,G (2634) Berlin 2015}) 11... Bc8 12. Rc1 Nd7 13. Nb3 a4 {LiveBook: 3 Games} 14. Nd4 Nxd4 15. Bxd4 Bxd4 16. Qxd4 Qb6 $146 ({Predecessor:} 16... b6 17. Bg4 Nc5 18. Bxc8 Rxc8 {½-½ (30) Hansen,C (2595)-Holst,A (2365) Taastrup 1998}) 17. Qxb6 Nxb6 18. f4 Be6 19. Nb5 Rfc8 {[%cal Re6c4]} 20. b3 axb3 21. axb3 Bd7 22. Nd4 Ra2 23. e5 dxe5 24. fxe5 e6 25. Bf3 Bc6 26. Nxc6 bxc6 27. Rfd1 Ra7 28. Rd6 {The position is equal.} Rac7 29. b4 Kf8 30. c5 Nd5 31. Bxd5 {Precision: White = 72%, Black = 83%.} 1/2-1/2

[Event "2018 Spring Chess Classic A"]
[Site "Saint Louis"]
[Date "2018.03.13"]
[Round "8"]
[White "Onischuk, Alexander"]
[Black "Zherebukh, Yaroslav"]
[Result "1/2-1/2"]
[WhiteElo "2681"]
[BlackElo "2633"]
[Annotator "TA"]
[PlyCount "61"]
[EventDate "2018.??.??"]
[EventType "tourn"]
[EventCountry "USA"]
[SourceTitle "playchess.com"]
[Source "ChessBase"]
[SourceQuality "1"]

{[%evp 20,61,27,27,54,35,15,16,11,32,26,30,27,21,13,15,18,18,19,8,11,8,8,8,8,8,8,8,2,2,8,0,0,0,3,0,6,0,0,0,11,0,4,0]} 1. d4 Nf6 2. c4 g6 3. Nc3 d5 4. cxd5 Nxd5 5. Bd2 Bg7 6. e4 Nxc3 7. Bxc3 O-O 8. Qd2 c5 {D85: Exchange Grünfeld: Unusual White 7th moves and lines with 7 Nf3} (8... Nc6 9. Ne2 e5 10. d5 Nd4 11. Nxd4 exd4 12. Bxd4 Re8 13. f3 Qxd5 14. Bxg7 Qxd2+ 15. Kxd2 Kxg7 16. Bd3 {½-½ (31) Vallejo Pons,F (2716)-Aronian,L (2795) Novi Sad 2016}) 9. d5 e6 10. Bc4 Bxc3 11. bxc3 {LiveBook: 21 Games} a6 $146 ({Predecessor:} 11... b5 12. Bxb5 exd5 13. exd5 Bb7 14. c4 Nd7 15. Bxd7 Qxd7 16. Ne2 {1-0 (37) Shirov,A (2656)-Kulaots,K (2573) Viljandi 2017}) 12. dxe6 Bxe6 13. Bxe6 fxe6 14. Nf3 Qxd2+ 15. Kxd2 Nd7 16. Ke3 b5 {The position is equal.} 17. a4 Rfb8 18. axb5 axb5 19. Rxa8 Rxa8 $11 {[%mdl 4096] Endgame KRN-KRN} 20. Rb1 Ra3 21. Rxb5 Rxc3+ 22. Kd2 Ra3 23. Rb7 Nf6 24. Ng5 {Rb8+ is the strong threat.} e5 25. Rb8+ Kg7 26. Rb7+ Kg8 27. Rb8+ Kg7 28. Ne6+ Kf7 29. Ng5+ Kg7 30. Ne6+ Kf7 31. Ng5+ {Precision: White = 84%, Black = 89%.} 1/2-1/2

[Event "2018 Spring Chess Classic A"]
[Site "Saint Louis"]
[Date "2018.03.13"]
[Round "8"]
[White "Shankland, Samuel"]
[Black "Ipatov, Alexander"]
[Result "1/2-1/2"]
[WhiteElo "2668"]
[BlackElo "2665"]
[Annotator "TA"]
[PlyCount "78"]
[EventDate "2018.??.??"]
[EventType "tourn"]
[EventCountry "USA"]
[SourceTitle "playchess.com"]
[Source "ChessBase"]
[SourceQuality "1"]

{[%evp 9,78,71,83,41,45,43,43,49,55,53,56,27,36,6,6,-53,-58,-50,-50,-48,-18,-86,-54,-56,-25,-37,0,0,0,0,0,0,0,0,0,0,0,0,0,0,0,0,0,-4,-4,-6,-3,-8,0,-8,-8,-4,0,0,0,-41,-22,-67,-69,-53,-8,-8,-8,-2,-4,-7,0,-15,0,0,0]} 1. d4 Na6 (1... Nf6 2. c4 e6 3. Nc3 Bb4 4. Qc2 d5 5. cxd5 Qxd5 6. e3 c5 7. Bd2 Bxc3 8. Bxc3 cxd4 9. Bxd4 Nc6 10. Bc3 O-O 11. Nf3 Rd8 12. Be2 Qe4 13. Rc1 Qxc2 14. Rxc2 Nd5 15. Ne5 Bd7 16. Nxc6 Bxc6 17. Bd2 Ne7 18. f3 {½-½ (38) Mamedyarov,S (2804)-Carlsen,M (2834) Wijk aan Zee 2018}) 2. c4 e5 $146 ({Predecessor:} 2... c6 3. Nc3 d6 4. e4 e5 5. d5 Be7 6. f4 exf4 7. Bxf4 Nf6 8. Bd3 Nc5 9. Bc2 {1-0 (22) Monell Camarasa,D (2340)-Monfa Sole,R (2160) Tornabous 2014}) 3. dxe5 d6 4. Nf3 Bf5 5. Bg5 Qd7 6. Nc3 {aiming for e4. A40: Unusual replies to 1 d4} dxe5 $1 7. Qxd7+ ({But not} 7. Nxe5 Qxd1+ 8. Rxd1 f6 $15) 7... Bxd7 8. Nxe5 {White is slightly better.} Be6 $1 9. Bf4 O-O-O 10. e3 (10. a3 {feels hotter.} f6 11. Nf3 Bxc4 12. e3 Bxf1 13. Kxf1 Ne7 14. Ke2) 10... Nf6 11. Be2 {next a3 is good for White.} Bb4 $1 12. O-O (12. Rc1 $11) 12... Bxc3 $1 $15 13. bxc3 Ne4 $1 14. Rfc1 Rd2 {[%mdl 1024] Black has compensation.} 15. Bf3 (15. Re1 $1 $11 {keeps the balance.}) 15... f5 16. Bg3 {[%cal Bf4g3,Bg3h4,Bh4e7][%mdl 32]} Rhd8 {[%cal Bh8d8,Bd8d6,Bd6b6,Bb6b2,Bb2d2][%mdl 32]} 17. Bh4 R8d6 18. Be7 Rb6 19. Rd1 Rbb2 20. Bxe4 fxe4 21. Rxd2 Rxd2 22. Kf1 Nb8 23. Ke1 Rc2 24. Rd1 {[%csl Ge7][%cal Rd1d8] [#]} Nd7 25. Nxd7 Bxd7 $11 {[%mdl 4096] Endgame KRB-KRB} 26. Rd4 Rxa2 27. Rxe4 Ra1+ 28. Kd2 Ra2+ 29. Ke1 a5 30. Rh4 a4 31. Rxh7 {Black must now prevent Rh8+.} b6 32. Rh8+ Kb7 33. Rd8 Ra1+ 34. Ke2 $1 Be6 {[#] Threatens to win with ...a3.} 35. Rd1 $1 {[%cal Rd1a1] The position is equal.} Bxc4+ 36. Ke1 $1 $132 {[%mdl 2048] White is not keeping still} Ra2 37. Rd2 $1 Ra1+ 38. Rd1 Ra2 39. Rd2 $1 Ra1+ {Precision: White = 69%, Black = 71%.} 1/2-1/2

[Event "2018 Spring Chess Classic A"]
[Site "Saint Louis"]
[Date "2018.03.13"]
[Round "8"]
[White "Swiercz, Dariusz"]
[Black "Bruzon Batista, Lazaro"]
[Result "1/2-1/2"]
[WhiteElo "2654"]
[BlackElo "2673"]
[Annotator "TA"]
[PlyCount "111"]
[EventDate "2018.??.??"]
[EventType "tourn"]
[EventCountry "USA"]
[SourceTitle "playchess.com"]
[Source "ChessBase"]
[SourceQuality "1"]

{[%evp 22,111,0,0,0,0,0,0,0,-16,67,14,83,103,111,74,96,75,67,70,102,106,106,119,91,94,116,61,207,211,210,171,229,225,243,191,256,233,227,253,249,233,237,245,252,238,249,238,251,232,252,250,344,320,400,17,38,0,374,0,31,42,29,35,37,40,328,23,60,0,12,11,1215,0,24,0,0,0,0,0,0,0,0,0,0,0,0,0,0,0,0,0]} 1. e4 c5 2. Nf3 d6 3. d4 cxd4 4. Nxd4 Nf6 5. Nc3 a6 6. Bg5 Nbd7 7. Bc4 Qb6 {B94: Sicilian Najdorf: 6 Bg5 Nbd7} (7... h6 8. Bh4 g6 9. Qe2 e5 10. Nb3 Be7 11. a4 Nb6 12. Bd3 Be6 13. a5 Nbd7 14. Bc4 Rc8 15. Bxe6 fxe6 16. O-O {1-0 (79) Nepomniachtchi,I (2751)-Fedoseev,V (2724) Moscow 2018}) 8. Bb3 e6 9. Qd2 Be7 10. O-O-O Nc5 11. f3 Qc7 12. g4 {LiveBook: 13 Games} b5 13. a3 Bd7 14. Ba2 Rb8 15. b4 $146 ({Predecessor:} 15. Rhe1) 15... Nb7 (15... Na4 $11 16. Nxa4 bxa4) 16. Be3 (16. h4 $14) 16... Rc8 (16... O-O $1 $11 {remains equal.}) 17. Kb2 $16 O-O 18. h4 a5 19. g5 Nh5 20. Ncxb5 Qb8 $1 21. Na7 $1 $36 {[%cal Ra7c8][%mdl 2048] Keeping Black busy.} Rc7 {Hoping for ...Nc5.} (21... Qxa7 $2 22. Nc6 $1 $18 {[%mdl 512]}) 22. Ndb5 $1 {[%cal Rb5c7]} Bxb5 23. Nxb5 Rd7 24. Nd4 (24. Bb3 $16) 24... Nd8 (24... axb4 $1 $14 25. axb4 Rc8 26. Nxe6 d5) 25. c3 $18 g6 26. Rhe1 Qa8 (26... e5 $142) 27. Bb3 Ng7 28. Qc2 d5 (28... Rb7 $142 29. f4 e5) 29. f4 Rc7 30. exd5 axb4 31. axb4 Bxb4 32. Nb5 $1 {[%cal Rb5c7]} (32. cxb4 Rxc2+ 33. Nxc2 exd5 $14) 32... Rc8 33. Qf2 $1 Ba5 34. Bc5 Qb8 35. Bxf8 Kxf8 36. dxe6 Ngxe6 37. Re5 Nc6 38. Red5 $2 (38. Rd7 $18 Nxe5 39. fxe5) 38... Ne7 $1 $11 39. Re5 $2 {[%mdl 8192]} (39. Qe3 $14 Nxd5 40. Rxd5) 39... Nc6 $1 $18 {[%cal Rc6e5]} 40. Red5 $2 (40. Rd7 $18) 40... Ne7 $1 $14 41. Qe3 (41. Re5 Nc6 $16) 41... Nxd5 42. Rxd5 {aiming for f5.} Bb6 43. Qe4 {Rd7 is the strong threat.} Rc5 $2 {[%mdl 8192]} (43... Nc5 $14 44. Qe5 Qxe5 45. fxe5 Rd8) 44. f5 $2 (44. Rd7 $1 $18 {[%cal Rd7f7] White threatens Rxf7+! and mate.} Qe8 45. Rxf7+ $3 {[%mdl 512]} (45. Qd3 Kg8 $16) 45... Qxf7 46. Nd4) 44... Qh2+ 45. Ka3 (45. Bc2 $1 $14 gxf5 46. Qxf5 (46. Rxf5 Rxf5 47. Qxf5 Qxh4 $11) 46... Rxd5 47. Qxd5) 45... gxf5 46. Qxf5 Qxh4 $2 {[%mdl 8192] [#]} (46... Rc8 $11 47. Bc2 (47. Qxh7 $2 Ra8+ 48. Na7 Rxa7+ 49. Ba4 Rxa4+ 50. Kxa4 Qa2+ 51. Kb5 Qxd5+ $19) 47... Qe2) 47. Nd6 $2 (47. Nd4 $1 $18 {[%cal Rd4e6]} Qe1 48. Nxe6+ Qxe6 49. Rxc5) 47... Qh5 48. Qf6 {Threatening mate with Qh8+.} Qg6 {White must now prevent ...Qxf6.The position is equal.} 49. Qh8+ Qg8 50. Qxg8+ Kxg8 51. Ne4 Rxd5 52. Bxd5 Kg7 53. c4 Kg6 54. Kb4 Nxg5 55. Nxg5 Kxg5 56. Bxf7 {Precision: White = 57%, Black = 47%.} 1/2-1/2

[Event "2018 Spring Chess Classic A"]
[Site "Saint Louis"]
[Date "2018.03.13"]
[Round "8"]
[White "Akobian, Varuzhan"]
[Black "Ganguly, Surya Shekhar"]
[Result "1/2-1/2"]
[WhiteElo "2640"]
[BlackElo "2657"]
[Annotator "TA"]
[PlyCount "61"]
[EventDate "2018.??.??"]
[EventType "tourn"]
[EventCountry "USA"]
[SourceTitle "playchess.com"]
[Source "ChessBase"]
[SourceQuality "1"]

{[%evp 28,61,0,0,0,0,3,3,0,0,7,0,8,12,21,21,21,21,21,21,21,21,21,21,22,13,16,13,13,13,13,13,13,0,13,0]} 1. d4 Nf6 2. c4 e6 3. Nc3 d5 4. Bg5 Be7 5. e3 h6 6. Bh4 O-O 7. Nf3 b6 8. cxd5 Nxd5 9. Bxe7 Qxe7 10. Rc1 Bb7 11. Be2 Rc8 12. O-O Nxc3 13. Rxc3 Nd7 {D59: Queen's Gambit Declined: Tartakower Defence: Main line (8 cxd5 Nxd5)} 14. Qa4 c5 15. Rfc1 {LiveBook: 4 Games. The position is equal.} cxd4 16. Rxc8+ Rxc8 17. Rxc8+ Bxc8 $146 18. Nxd4 Nc5 19. Qa3 a5 20. Nb3 e5 21. Nxc5 Qxc5 22. Qxc5 bxc5 $11 {[%mdl 4096] Endgame KB-KB} 23. Bc4 Kf8 24. Kf1 Ke7 25. Ke2 f6 26. e4 Kd6 27. f3 Bd7 28. Kd3 Bc8 29. Ke3 Bd7 30. Kd3 Bc8 31. Ke3 {Precision: White = 58%, Black = 86%.} 1/2-1/2